Echelle de mots : de France à Macron - Statistiques

Statistiques générales
  • Ce quiz a été pris 16 414 fois
    16 322 depuis la dernière actualisation
  • Le résultat moyen est 18 sur 35
Statistiques - réponses
Indice Réponse % Correct
Pays au drapeau bleu, blanc, rouge France
100%
Action des sourcils Fronce
89%
Aspect géométrique de la Terre Ronde
83%
Son nom est James Bond
77%
"Corps" en anglais (retirez une lettre) Body
76%
Dans l'industrie musicale, on trouve des boys-___ Band
74%
Son toucher entraine des démangeaisons (enlevez une lettre) Ronce
74%
Président élu une nouvelle fois en 2022 Macron
72%
Montparnasse ou Saint-Lazare Gare
69%
Mbappé y a passé sa jeunesse (ajoutez une lettre) Bondy
64%
Véhicule à deux roues Moto
63%
Il boit mais ___ également Mange
60%
Ensemble de ce qui est connu, l'univers Monde
59%
Département occitan Gard
51%
Pour peut-être devenir millionnaire Loto
50%
Licencié Viré
49%
Grand fleuve indien Gange
46%
Ville majeure de Belgique Gand
45%
Utilisé par les chanteurs (ajoutez une lettre) Micro
44%
___, dépêche-toi ! Vite
44%
Il vaut mieux ne pas être dans sa ligne Mire
42%
On y a droit à partir de 18 ans Vote
40%
Sieste, ou oiseau éteint Dodo
39%
Quand on a perdu (enlevez une lettre) Gage
37%
Préfecture de la Lozère Mende
37%
Aveugle, myope Miro
33%
Appelé à se rendre quelque part Mandé
31%
Pour la pratique du judo Dojo
30%
Ancien nom d'un dérivé du mètre (ajoutez une lettre) Micron
30%
Il a trop mangé, il ___ Rote
27%
Qualités charismatiques, sex-appeal Mojo
25%
Cuisson du poulet Rôti
25%
Langue bantoue anciennement parlée en Centrafrique Bodo
22%
Dispose d'un espace habitable Lôti
21%
Méprisable, dénuée de courage Vile
20%
Aucun quiz correspondant
Distribution des résultats
% des personnes avec chaque résultat
Percentile par nombre de réponses
Votre historique - résultats
Vous n’avez pas pris ce quiz depuis la dernière actualisation